000 00678cam a22002411 4500
999 _c20420
_d20420
001 276739
003 BDDh-ASL
005 20231015025903.0
008 721219s1957 nju 000 0 eng
010 _a 57005458
040 _aDLC
_cDLC
_dDLC
_dBDDh-ASL
050 0 0 _aDS38
_b.S56
082 0 0 _a297.09
_bSMI
100 1 _aSmith, Wilfred Cantwell,
_d1916-2000.
245 1 0 _aIslam in modern history /
260 _aPrinceton:
_bPrinceton University Press,
_c1957.
300 _a317 p.
_c25 cm.
650 0 _aIslam
_xHistory.
650 0 _aIslamic civilization.
650 0 _aIslam
_y20th century.
906 _a7
_bcbc
_corignew
_du
_eocip
_f19
_gy-gencatlg
942 _2ddc
_cBK